<?xml version="1.0" encoding="UTF-8"?>
<record
    xmlns:xsi="http://www.w3.org/2001/XMLSchema-instance"
    xsi:schemaLocation="http://www.loc.gov/MARC21/slim http://www.loc.gov/standards/marcxml/schema/MARC21slim.xsd"
    xmlns="http://www.loc.gov/MARC21/slim">

  <leader>00297nam a22001337a 4500</leader>
  <controlfield tag="008">230523b        |||||||| |||| 00| 0 eng d</controlfield>
  <datafield tag="020" ind1=" " ind2=" ">
    <subfield code="a">9789390644308</subfield>
  </datafield>
  <datafield tag="100" ind1=" " ind2=" ">
    <subfield code="a">Bare Act</subfield>
  </datafield>
  <datafield tag="245" ind1=" " ind2=" ">
    <subfield code="a">Hindu Laws</subfield>
  </datafield>
  <datafield tag="260" ind1=" " ind2=" ">
    <subfield code="a">Haryana</subfield>
    <subfield code="b">LN Pub.</subfield>
    <subfield code="c">2023</subfield>
  </datafield>
  <datafield tag="300" ind1=" " ind2=" ">
    <subfield code="a">130</subfield>
  </datafield>
  <datafield tag="546" ind1=" " ind2=" ">
    <subfield code="a">English</subfield>
  </datafield>
  <datafield tag="942" ind1=" " ind2=" ">
    <subfield code="2">ddc</subfield>
    <subfield code="c">BK</subfield>
  </datafield>
  <datafield tag="999" ind1=" " ind2=" ">
    <subfield code="c">20024</subfield>
    <subfield code="d">20024</subfield>
  </datafield>
  <datafield tag="952" ind1=" " ind2=" ">
    <subfield code="p">LLB 539</subfield>
    <subfield code="g">125.00</subfield>
    <subfield code="i">11-05-2023</subfield>
    <subfield code="l">0</subfield>
    <subfield code="e">ABD Publisher, Jammu</subfield>
    <subfield code="r">2024-04-16 00:00:00</subfield>
    <subfield code="w">2023-05-23</subfield>
    <subfield code="y">BK</subfield>
    <subfield code="0">0</subfield>
    <subfield code="4">0</subfield>
    <subfield code="7">0</subfield>
    <subfield code="a">MIETLIB</subfield>
    <subfield code="b">MIETLIB</subfield>
    <subfield code="c">178/3</subfield>
    <subfield code="d">2023-05-15</subfield>
    <subfield code="1">0</subfield>
    <subfield code="H">BBA LLB</subfield>
  </datafield>
  <datafield tag="952" ind1=" " ind2=" ">
    <subfield code="p">LLB 540</subfield>
    <subfield code="g">125.00</subfield>
    <subfield code="i">11-05-2023</subfield>
    <subfield code="l">0</subfield>
    <subfield code="e">ABD Publisher, Jammu</subfield>
    <subfield code="r">2024-04-16 00:00:00</subfield>
    <subfield code="w">2023-05-23</subfield>
    <subfield code="y">BK</subfield>
    <subfield code="0">0</subfield>
    <subfield code="4">0</subfield>
    <subfield code="7">0</subfield>
    <subfield code="a">MIETLIB</subfield>
    <subfield code="b">MIETLIB</subfield>
    <subfield code="c">176/3</subfield>
    <subfield code="d">2023-05-15</subfield>
    <subfield code="1">0</subfield>
    <subfield code="H">BBA LLB</subfield>
  </datafield>
  <datafield tag="952" ind1=" " ind2=" ">
    <subfield code="p">LLB 541</subfield>
    <subfield code="g">125.00</subfield>
    <subfield code="i">11-05-2023</subfield>
    <subfield code="l">3</subfield>
    <subfield code="e">ABD Publisher, Jammu</subfield>
    <subfield code="r">2024-11-25 00:00:00</subfield>
    <subfield code="s">2024-11-11</subfield>
    <subfield code="w">2023-05-23</subfield>
    <subfield code="y">BK</subfield>
    <subfield code="0">0</subfield>
    <subfield code="4">0</subfield>
    <subfield code="7">0</subfield>
    <subfield code="a">MIETLIB</subfield>
    <subfield code="b">MIETLIB</subfield>
    <subfield code="c">176/3</subfield>
    <subfield code="d">2023-05-15</subfield>
    <subfield code="1">0</subfield>
    <subfield code="H">BBA LLB</subfield>
  </datafield>
  <datafield tag="952" ind1=" " ind2=" ">
    <subfield code="p">LLB 542</subfield>
    <subfield code="g">125.00</subfield>
    <subfield code="i">11-05-2023</subfield>
    <subfield code="l">0</subfield>
    <subfield code="e">ABD Publisher, Jammu</subfield>
    <subfield code="r">2024-04-16 00:00:00</subfield>
    <subfield code="w">2023-05-23</subfield>
    <subfield code="y">BK</subfield>
    <subfield code="0">0</subfield>
    <subfield code="4">0</subfield>
    <subfield code="7">0</subfield>
    <subfield code="a">MIETLIB</subfield>
    <subfield code="b">MIETLIB</subfield>
    <subfield code="c">178/3</subfield>
    <subfield code="d">2023-05-15</subfield>
    <subfield code="1">0</subfield>
    <subfield code="H">BBA LLB</subfield>
  </datafield>
  <datafield tag="952" ind1=" " ind2=" ">
    <subfield code="p">LLB 543</subfield>
    <subfield code="g">125.00</subfield>
    <subfield code="i">11-05-2023</subfield>
    <subfield code="l">0</subfield>
    <subfield code="e">ABD Publisher, Jammu</subfield>
    <subfield code="r">2024-04-16 00:00:00</subfield>
    <subfield code="w">2023-05-23</subfield>
    <subfield code="y">BK</subfield>
    <subfield code="0">0</subfield>
    <subfield code="4">0</subfield>
    <subfield code="7">0</subfield>
    <subfield code="a">MIETLIB</subfield>
    <subfield code="b">MIETLIB</subfield>
    <subfield code="c">176/3</subfield>
    <subfield code="d">2023-05-15</subfield>
    <subfield code="1">0</subfield>
    <subfield code="H">BBA LLB</subfield>
  </datafield>
  <datafield tag="952" ind1=" " ind2=" ">
    <subfield code="p">LLb 910</subfield>
    <subfield code="g">125.00</subfield>
    <subfield code="i">24-5-2023</subfield>
    <subfield code="l">0</subfield>
    <subfield code="e">ABD Jammu.</subfield>
    <subfield code="r">2023-05-31 00:00:00</subfield>
    <subfield code="w">2023-05-31</subfield>
    <subfield code="y">BK</subfield>
    <subfield code="0">0</subfield>
    <subfield code="4">0</subfield>
    <subfield code="7">0</subfield>
    <subfield code="a">MIETLIB</subfield>
    <subfield code="b">MIETLIB</subfield>
    <subfield code="c">178/3</subfield>
    <subfield code="d">2023-05-26</subfield>
    <subfield code="1">0</subfield>
    <subfield code="H">BBA LLB</subfield>
  </datafield>
  <datafield tag="952" ind1=" " ind2=" ">
    <subfield code="p">LLb 911</subfield>
    <subfield code="g">125.00</subfield>
    <subfield code="i">24-5-2023</subfield>
    <subfield code="l">0</subfield>
    <subfield code="e">ABD Jammu.</subfield>
    <subfield code="r">2023-05-31 00:00:00</subfield>
    <subfield code="w">2023-05-31</subfield>
    <subfield code="y">BK</subfield>
    <subfield code="0">0</subfield>
    <subfield code="4">0</subfield>
    <subfield code="7">0</subfield>
    <subfield code="a">MIETLIB</subfield>
    <subfield code="b">MIETLIB</subfield>
    <subfield code="c">178/3</subfield>
    <subfield code="d">2023-05-26</subfield>
    <subfield code="1">0</subfield>
    <subfield code="H">BBA LLB</subfield>
  </datafield>
  <datafield tag="952" ind1=" " ind2=" ">
    <subfield code="p">LLb 912</subfield>
    <subfield code="g">125.00</subfield>
    <subfield code="i">24-5-2023</subfield>
    <subfield code="l">0</subfield>
    <subfield code="e">ABD Jammu.</subfield>
    <subfield code="r">2023-05-31 00:00:00</subfield>
    <subfield code="w">2023-05-31</subfield>
    <subfield code="y">BK</subfield>
    <subfield code="0">0</subfield>
    <subfield code="4">0</subfield>
    <subfield code="7">0</subfield>
    <subfield code="a">MIETLIB</subfield>
    <subfield code="b">MIETLIB</subfield>
    <subfield code="c">178/3</subfield>
    <subfield code="d">2023-05-26</subfield>
    <subfield code="1">0</subfield>
    <subfield code="H">BBA LLB</subfield>
  </datafield>
  <datafield tag="952" ind1=" " ind2=" ">
    <subfield code="p">LLb 913</subfield>
    <subfield code="g">125.00</subfield>
    <subfield code="i">24-5-2023</subfield>
    <subfield code="l">0</subfield>
    <subfield code="e">ABD Jammu.</subfield>
    <subfield code="r">2023-05-31 00:00:00</subfield>
    <subfield code="w">2023-05-31</subfield>
    <subfield code="y">BK</subfield>
    <subfield code="0">0</subfield>
    <subfield code="4">0</subfield>
    <subfield code="7">0</subfield>
    <subfield code="a">MIETLIB</subfield>
    <subfield code="b">MIETLIB</subfield>
    <subfield code="c">178/3</subfield>
    <subfield code="d">2023-05-26</subfield>
    <subfield code="1">0</subfield>
    <subfield code="H">BBA LLB</subfield>
  </datafield>
  <datafield tag="952" ind1=" " ind2=" ">
    <subfield code="p">LLb 914</subfield>
    <subfield code="g">125.00</subfield>
    <subfield code="i">24-5-2023</subfield>
    <subfield code="l">0</subfield>
    <subfield code="e">ABD Jammu.</subfield>
    <subfield code="r">2023-05-31 00:00:00</subfield>
    <subfield code="w">2023-05-31</subfield>
    <subfield code="y">BK</subfield>
    <subfield code="0">0</subfield>
    <subfield code="4">0</subfield>
    <subfield code="7">0</subfield>
    <subfield code="a">MIETLIB</subfield>
    <subfield code="b">MIETLIB</subfield>
    <subfield code="c">178/3</subfield>
    <subfield code="d">2023-05-26</subfield>
    <subfield code="1">0</subfield>
    <subfield code="H">BBA LLB</subfield>
  </datafield>
</record>
